00646cam a2200181 i 450000500170000000800410001702000190005804000460007704100080012310000250013124500900015626000440024630000350029065000210032565000210034665000410036765000560040820181108160235.0160705s2017 ctua b 001 0 eng  a9780300222746  aCO-BoUCMbspacDoris ForerodDoris Forero aeng1 aHighmore, Bend1961-14aThe art of brutalism brescuing hope from catastrophe in 1950s Britain cBen Highmore aNew Haven bYale University Pressc2017 a297 páginas bIlustraciones  7aArte xBritanico 7aArte y sociedad  7aHistoria zGran BreatañaySiglo 20 7aArquitectura y sociedad zGran BreatañaySiglo 20